| 000 | 00761nas a2200241 4500 | ||
|---|---|---|---|
| 001 | BR9511424 | ||
| 003 | BR-BrBNA | ||
| 005 | 20231205094603.0 | ||
| 007 | ta | ||
| 008 | 230509b bl.|||p| |||| 00| 00por d | ||
| 040 |
_aBR-BrBNA _bpor _cBiblioteca Nacional de Agricultura |
||
| 041 | _a(Pt) | ||
| 072 | _aF07 | ||
| 100 | 1 | _aNunes Filho, F. | |
| 100 | 1 | _aSouza, A.R. de | |
| 245 | 1 | _aEfeito da subsolagem sobre a producao de sorgo granifero num solo bruno nao-calcico de Serra Talhada | |
| 650 | _aSorgo Granifero | ||
| 650 | _aSubsolagem | ||
| 650 | _aPernambuco | ||
| 773 | 0 |
_tPesquisa Agropecuaria Pernambucana (Brazil) _xISSN 0100-8501 _g(Jan-Dec 1981), v. 5 p. 63-69 _wBR9511424 |
|
| 909 |
_a202311 _bLúcia _c55 _dLúcia Elande |
||
| 942 |
_2AGRIS _n0 _cANA |
||
| 999 |
_c145466 _d145466 |
||